000 00620nam a2200241Ia 4500
003 OSt
005 20230516150230.0
008 210423s2013 xx 000 0 und d
020 _a978-81-203-4627-7
040 _cAL
041 _aeng
082 _a657.95 GOYC
100 _aGOYAL(V K);GOYAL(Ruchi)
_9105701
245 _aCorporate accounting Ed 3
250 _a3
260 _aDelhi
_bPHI Learning Pvt Ltd
_c2013
300 _axiv,630p
_bPB
365 _b450
_cINR
650 _aAccounting
_9105702
650 _aCorporate Accounting
_9105703
906 _a3 ; accounting ; Corporate ; Ed
942 _2ddc
_cBK
999 _c166425
_d166425